Statistics for 2022 NBA Number 00's

Click here to take the quiz!

General Stats

  • This quiz has been taken 16 times
  • The average score is 3 of 8

Answer Stats

TeamAnswer% Correct
Utah JazzJordan Clarkson
100%
Golden State WarriorsJonathan Kuminga
77%
Phoenix SunsJavale McGee
62%
Cleveland CavaliersBrandon Goodwin
31%
Chicago BullsMac McClung
23%
Philadelphia 76ersWillie Cauley-Stein
23%
Detroit PistonsCheick Diallo
15%
Denver NuggetsMarkus Howard
15%

Score Distribution

Percentile by Number Answered

Percent of People with Each Score

Your Score History

You have not taken this quiz